| 000 | 00741cas a2200241 a 4500 | ||
|---|---|---|---|
| 022 | 0 | _a0706-3679 | |
| 040 | _cDLC | ||
| 082 | 0 | _a370 STA 1973 A076 Or. | |
| 245 | 0 | 0 | _aEducation in Canada, a statistical review for the period ... / |
| 246 | 3 | _aEducation in Canada | |
| 246 | 3 | 1 | _aEducation au Canada, revue statistique pour la période ... |
| 260 |
_aOttawa : _bStatistics Canada = Statistique Canada, _c1973-2001. |
||
| 300 |
_a28 volumes : _billustrations ; _c23-29 cm |
||
| 500 | _aTitle varies slightly. | ||
| 650 | 0 | _aEducation | |
| 650 | 6 | _aEducation | |
| 650 | 7 | _aEducation. | |
| 710 | 2 | _aStatistics Canada. | |
| 710 | 2 | _aStatistics Canada. | |
| 710 | 2 | _aStatistics Canada. | |
| 710 | 2 | _aStatistics Canada. | |
| 942 | _cEK | ||
| 999 |
_c15442 _d15442 |
||